Italians in the Top 100 ATP/WTA Rankings - Statistics

General Stats
  • This quiz has been taken 180 times
    51 since last reset
  • The average score is 8 of 12
Answer Stats
ATP/WTA # Birthplace Player % Correct
ATP 1 San Candido Jannik Sinner
98%
WTA 4 Castelnuovo di Garfagnana Jasmine Paolini
91%
ATP 7 Carrara Lorenzo Musetti
91%
ATP 30 Rome Matteo Berrettini
89%
ATP 26 Florence Flavio Cobolli
87%
ATP 44 Turin Lorenzo Sonego
77%
ATP 36 Sanremo Matteo Arnaldi
72%
ATP 95 Pesaro Luca Nardi
62%
ATP 45 Villa Gesell (Argentina) Luciano Darderi
57%
WTA 89 Ancona Elisabetta Cocciaretto
40%
ATP 68 Busto Arsizio Mattia Bellucci
40%
WTA 57 Rimini Lucia Bronzetti
34%
No matching quizzes found
Score Distribution
Percent of People with Each Score
Percentile by Number Answered
Your Score History
You have not taken this quiz since the last reset